Statistics for 100 Biggest Cities of Scotland on a Map

Click here to take the quiz!

General Stats

  • This quiz has been taken 957 times
  • The average score is 50 of 101

Answers on the Map

Answers color-coded by a green-red scale on the quiz's map according to % correct below.
 

Answer Stats

Council AreaPopulationCities or Towns% Correct
Aberdeen City198,480Aberdeen
98%
City of Edinburgh504,020Edinburgh
98%
Glasgow City629,920Glasgow
97%
Dundee City149,010Dundee
94%
Highland47,190Inverness
93%
Perth and Kinross46,960Perth
89%
Stirling37,800Stirling
84%
South Ayrshire46,810Ayr
80%
Dumfries and Galloway33,350Dumfries
79%
Fife54,360Dunfermline
74%
Falkirk35,670Falkirk
74%
West Lothian57,040Livingston
73%
Renfrewshire77,560Paisley
73%
Fife18,330St Andrews
73%
South Lanarkshire54,400Hamilton
72%
East Ayrshire46,580Kilmarnock
71%
North Lanarkshire32,580Motherwell
71%
Fife50,220Kirkcaldy
69%
Moray24,220Elgin
68%
Inverclyde41,750Greenock
68%
South Lanarkshire75,460East Kilbride
67%
West Dunbartonshire20,510Dumbarton
64%
North Lanarkshire50,120Cumbernauld
63%
Angus23,210Arbroath
62%
North Lanarkshire36,430Airdrie
61%
Aberdeenshire18,820Peterhead
61%
Fife38,150Glenrothes
60%
Angus11,810Montrose
60%
North Ayrshire33,780Irvine
59%
North Lanarkshire44,100Coatbridge
56%
East Lothian9,400Dunbar
56%
Highland10,170Nairn
56%
Inverclyde14,340Port Glasgow
54%
Clackmannanshire14,190Alloa
53%
West Dunbartonshire25,890Clydebank
53%
East Lothian20,830Musselburgh
53%
South Lanarkshire31,140Rutherglen
53%
Angus14,180Forfar
52%
Aberdeenshire12,490Fraserburgh
52%
Renfrewshire24,040Renfrew
52%
Scottish Borders13,020Galashiels
51%
South Ayrshire14,490Troon
51%
North Ayrshire11,150Largs
49%
City of Edinburgh9,990South Queensferry
49%
East Dunbartonshire28,200Bearsden
48%
Fife12,040Cowdenbeath
48%
Aberdeenshire10,860Stonehaven
47%
Dumfries and Galloway10,180Stranraer
47%
East Lothian9,490Haddington
46%
West Lothian12,920Linlithgow
46%
South Ayrshire14,570Prestwick
46%
North Lanarkshire30,250Wishaw
46%
Perth and Kinross9,030Blairgowrie and Rattray
45%
Fife9,030Cupar
45%
Stirling9,370Dunblane
45%
West Lothian23,530Bathgate
44%
South Lanarkshire29,900Cambuslang
44%
Argyll and Bute13,300Helensburgh
43%
Scottish Borders13,810Hawick
42%
East Renfrewshire27,880Newton Mearns
42%
Renfrewshire16,080Johnstone
41%
Midlothian16,180Penicuik
41%
East Dunbartonshire23,850Bishopbriggs
40%
Renfrewshire15,340Erskine
40%
Falkirk16,220Grangemouth
39%
Inverclyde10,240Gourock
38%
Fife13,520Rosyth
38%
Angus11,360Carnoustie
37%
East Dunbartonshire21,670Kirkintilloch
37%
Aberdeenshire14,010Inverurie
36%
East Dunbartonshire12,980Milngavie
36%
North Ayrshire12,250Saltcoats
36%
Fife9,250Leven
35%
North Ayrshire10,590Ardrossan
34%
North Lanarkshire19,840Bellshill
34%
Midlothian14,200Dalkeith
34%
Moray10,120Forres
34%
East Lothian10,390Prestonpans
33%
Falkirk14,700Bo'ness
32%
West Lothian15,830Broxburn
32%
North Ayrshire16,240Kilwinning
32%
Falkirk9,650Stenhousemuir
32%
East Renfrewshire17,700Barrhead
31%
Midlothian18,270Bonnyrigg
31%
Fife10,840Methil
31%
Aberdeenshire10,120Ellon
30%
South Lanarkshire16,710Blantyre
29%
South Lanarkshire13,600Carluke
29%
East Renfrewshire12,230Giffnock
29%
Falkirk11,310Larbert
29%
South Lanarkshire14,670Larkhall
29%
Aberdeenshire12,210Westhill
29%
North Lanarkshire10,270Kilsyth
28%
Fife9,700Dalgety Bay
27%
East Lothian12,200Tranent
27%
West Lothian12,500Armadale
25%
East Renfrewshire9,840Clarkston
24%
North Ayrshire9,260Stevenston
24%
West Lothian10,670Whitburn
24%
Midlothian13,620Mayfield
19%
North Lanarkshire15,700Viewpark
19%

Score Distribution

Percentile by Number Answered

Percent of People with Each Score

Your Score History

You have not taken this quiz